[Event "Qatar Masters op"]
[Site "Doha"]
[Date "2023.10.11"]
[Round "1"]
[White "Mohammad, Nubairshah Shaikh"]
[Black "Gukesh, Dommaraju"]
[Result "1/2-1/2"]
[WhiteElo "2432"]
[BlackElo "2758"]
[PlyCount "132"]
[EventDate "2023.10.11"]
[EventType "swiss"]
[EventRounds "9"]
[EventCountry "QAT"]
[SourceTitle "Mega2024 Update 01"]
[Source "Chessbase"]
[SourceDate "2023.11.12"]
[SourceVersion "1"]
[SourceVersionDate "2023.11.12"]
[SourceQuality "1"]

1. Nf3 d5 2. d4 Nf6 3. g3 b5 4. a4 b4 5. c4 bxc3 6. Nxc3 e6 7. Bg2 Nbd7 8. 0-0 Ba6 9. Bf4 c6 10. Qc2 Rc8 11. Rfd1 Bb4 12. Ne5 Nxe5 13. Bxe5 0-0 14. e4 Nh5 15. Na2 Be7 16. Bf3 Nf6 17. Nc3 Nd7 18. Bf4 Qb6 19. Rab1 Rfd8 20. b4 Bc4 21. a5 Qa6 22. h4 Nf6 23. e5 Nd7 24. Bg5 Re8 25. Bxe7 Rxe7 26. Qd2 Rf8 27. Re1 Qb7 28. Nd1 Qc7 29. Bg4 Bb5 30. Rc1 Qd8 31. Bh3 Qe8 32. Nc3 Ba6 33. Re3 Nb8 34. Na4 Bb5 35. Nc3 Rb7 36. Nxb5 Rxb5 37. Bf1 Rb7 38. Rb3 g6 39. h5 Qe7 40. Kg2 f6 41. hxg6 hxg6 42. Bd3 fxe5 43. dxe5 Nd7 44. f4 c5 45. Bxg6 c4 46. Rbb1 Rfb8 47. Rh1 Nf8 48. f5 exf5 49. Qxd5+ Qe6 50. Qxe6+ Nxe6 51. Bxf5 Nd4 52. Be4 Rxb4 53. Bd5+ Kg7 54. Rxb4 Rxb4 55. Rc1 Rb5 56. Bxc4 Rxe5 57. Rd1 Nf5 58. Rd7+ Kf6 59. Ba6 Rxa5 60. Rxa7 Ne3+ 61. Kf2 Nd5 62. Rh7 Ra2+ 63. Ke1 Ra1+ 64. Kf2 Ra2+ 65. Ke1 Ra1+ 66. Kf2 Ra2+ 1/2-1/2

[Event "AI Cup Play In"]
[Site "Chess.com INT"]
[Date "2023.09.18"]
[Round "7"]
[White "Golubev, Mikhail"]
[Black "Mohammad, Nubairshah Shaikh"]
[Result "0-1"]
[WhiteElo "2461"]
[BlackElo "2432"]
[PlyCount "116"]
[EventDate "2023.09.18"]
[EventType "swiss (rapid)"]
[EventRounds "9"]
[EventCountry "USA"]
[SourceTitle "EXT 2024"]
[Source "ChessBase"]
[SourceDate "2023.10.10"]
[SourceVersion "1"]
[SourceVersionDate "2023.10.10"]
[SourceQuality "1"]

1. e4 c6 2. d4 d5 3. Nc3 dxe4 4. Nxe4 Bf5 5. Ng3 Bg6 6. c3 Nf6 7. Nh3 e6 8. Nf4 Bd6 9. h4 Qc7 10. Qf3 Bc2 11. Nfh5 Nxh5 12. Nxh5 Rg8 13. Bd3 Bxd3 14. Qxd3 Nd7 15. Bg5 g6 16. Nf6+ Nxf6 17. Bxf6 Be7 18. Be5 Bd6 19. Bf6 Be7 20. Be5 Qa5 21. h5 0-0-0 22. Qe2 Qd5 23. hxg6 Qxg2 24. 0-0-0 Qxg6 25. Qc2 h5 26. Qxg6 fxg6 27. f4 h4 28. Kd2 g5 29. fxg5 Rxg5 30. Rde1 Rf8 31. Re2 Kd7 32. b4 Rf3 33. a4 h3 34. Reh2 Rg2+ 35. Rxg2 hxg2 36. Rg1 Bg5+ 37. Ke2 Rxc3 38. Rxg2 Rc2+ 39. Kf1 Rxg2 40. Kxg2 a6 41. Kf3 Bd2 42. b5 cxb5 43. axb5 axb5 44. Ke2 Bb4 45. Kd3 Bd6 46. Bf6 Kc6 47. Kc3 Kd5 48. Kb3 Ke4 49. Bg7 Kd3 50. Bf6 Ke4 51. Bg7 Kd5 52. Bf6 Kc6 53. Bg7 Bc7 54. Bf6 Ba5 55. Bg7 Kd5 56. Bf6 Be1 57. Bg7 b4 58. Bf6 Bc3 0-1

[Event "AI Cup Play In"]
[Site "Chess.com INT"]
[Date "2023.09.18"]
[Round "1"]
[White "Oparin, Grigoriy"]
[Black "Mohammad, Nubairshah Shaikh"]
[Result "1-0"]
[WhiteElo "2681"]
[BlackElo "2432"]
[PlyCount "83"]
[EventDate "2023.09.18"]
[EventType "swiss (rapid)"]
[EventRounds "9"]
[EventCountry "USA"]
[SourceTitle "EXT 2024"]
[Source "ChessBase"]
[SourceDate "2023.10.10"]
[SourceVersion "1"]
[SourceVersionDate "2023.10.10"]
[SourceQuality "1"]

1. d4 Nf6 2. c4 g6 3. Nc3 d6 4. e4 Bg7 5. h3 e5 6. d5 a5 7. Be3 Na6 8. Bd3 Nc5 9. Bc2 h5 10. Qd2 Bd7 11. 0-0-0 a4 12. Kb1 Qb8 13. Bxc5 dxc5 14. Nf3 b5 15. cxb5 a3 16. Nxe5 Nxe4 17. Bxe4 Bxe5 18. d6 cxd6 19. Rhe1 Ra7 20. f4 Bd4 21. Bc6+ Kf8 22. Bxd7 Rxd7 23. b3 Kg7 24. f5 Re8 25. fxg6 Kxg6 26. Nd5 Rdd8 27. h4 Qxb5 28. Nc7 Qd7 29. Qg5+ Kh7 30. Qxh5+ Kg7 31. Nxe8+ Rxe8 32. Qf3 Re5 33. Rxe5 dxe5 34. g4 c4 35. bxc4 Qa4 36. Qb3 Qa8 37. Kc2 Qg2+ 38. Rd2 Qe4+ 39. Qd3 Qa8 40. h5 Bb2 41. h6+ Kxh6 42. Rh2+ 1-0

[Event "World-chT Rapid"]
[Site "Dusseldorf"]
[Date "2023.08.27"]
[Round "6.5"]
[White "Mohammad, Nubairshah Shaikh"]
[Black "Pakleza, Zbigniew"]
[Result "1-0"]
[WhiteElo "2430"]
[BlackElo "2482"]
[PlyCount "59"]
[EventDate "2023.08.26"]
[EventType "team-swiss (rapid)"]
[EventRounds "12"]
[EventCountry "GER"]
[SourceTitle "CBM 215 Extra"]
[Source "ChessBase"]
[SourceDate "2023.09.30"]
[SourceVersion "1"]
[SourceVersionDate "2023.09.30"]
[SourceQuality "1"]
[WhiteTeam "Six Pack"]
[BlackTeam "Krakow Columbus Energy"]
[WhiteTeamCountry "IND"]
[BlackTeamCountry "POL"]

1. d4 d5 2. c4 c6 3. Nf3 Nf6 4. g3 Bf5 5. Nc3 e6 6. Qb3 Qb6 7. c5 Qc7 8. Bf4 Qc8 9. Nh4 Be4 10. f3 Bg6 11. e4 Be7 12. Nxg6 hxg6 13. Bg2 Nbd7 14. Bd6 Bxd6 15. cxd6 dxe4 16. Nxe4 Qb8 17. 0-0 0-0 18. Rfd1 Nxe4 19. fxe4 Qxd6 20. Qxb7 Rfb8 21. Qa6 Rxb2 22. e5 Qb4 23. Qxc6 Nb6 24. Qc5 Rd8 25. Rac1 Qa4 26. a3 Qb3 27. Qe7 Rxd4 28. Rf1 Rdd2 29. Kh1 Nd5 30. Rc8+ 1-0

[Event "Casablanca Mohammed op 4th"]
[Site "Casablanca"]
[Date "2023.08.18"]
[Round "7"]
[White "Mohammad, Nubairshah Shaikh"]
[Black "Ghasi, Ameet K"]
[Result "1/2-1/2"]
[WhiteElo "2430"]
[BlackElo "2506"]
[PlyCount "176"]
[EventDate "2023.08.14"]
[EventType "swiss"]
[EventRounds "9"]
[EventCountry "MAR"]
[SourceTitle "CBM 215 Extra"]
[Source "ChessBase"]
[SourceDate "2023.09.30"]
[SourceVersion "1"]
[SourceVersionDate "2023.09.30"]
[SourceQuality "1"]

1. d4 Nf6 2. c4 g6 3. Nc3 Bg7 4. e4 d6 5. Nf3 0-0 6. Be2 Nbd7 7. 0-0 e5 8. Be3 Qe7 9. Qc2 c6 10. Rad1 h6 11. Bc1 Nh7 12. d5 c5 13. g3 h5 14. Kh1 Ndf6 15. Ng5 Nxg5 16. Bxg5 Bh3 17. Rfe1 Qd7 18. f3 Nh7 19. Bc1 f5 20. Bf1 Bxf1 21. Rxf1 a6 22. f4 exf4 23. Bxf4 Rae8 24. exf5 gxf5 25. Rfe1 Nf6 26. Qd3 Ng4 27. Qf3 Bd4 28. Kg2 Qf7 29. Re6 Rxe6 30. dxe6 Qxe6 31. Ne2 Bxb2 32. Rxd6 Qxc4 33. Rg6+ Bg7 34. h3 Re8 35. Nc3 Ne3+ 36. Bxe3 Qxc3 37. Qd5+ Kh8 38. Bf2 Qe5 39. Qxb7 Qe4+ 40. Qxe4 fxe4 41. Bxc5 e3 42. Bb4 Rb8 43. a3 Re8 44. Rxa6 e2 45. Be1 Re3 46. Ra5 Be5 47. Kf2 Bd4 48. Rxh5+ Kg7 49. Rd5 Bb6 50. Kg2 Rxa3 51. Rd7+ Kg8 52. Re7 Be3 53. g4 Rb3 54. h4 Kf8 55. Re4 Kf7 56. Kf3 Bd2+ 57. Kxe2 Bxe1 58. Kxe1 Rh3 59. g5 Rh2 60. Kf1 Kg6 61. Re6+ Kg7 62. Rh6 Ra2 63. Kg1 Rb2 64. Kh1 Ra2 65. h5 Ra4 66. Rg6+ Kh7 67. Kg2 Ra5 68. Kg3 Rb5 69. Kf4 Rb4+ 70. Ke5 Rb5+ 71. Kf6 Rb6+ 72. Kf7 Rb7+ 73. Ke8 Rb8+ 74. Kd7 Rb5 75. Rh6+ Kg7 76. Rg6+ Kh7 77. Kc6 Ra5 78. Kc7 Rf5 79. Kb6 Re5 80. Kc6 Rf5 81. Kd7 Ra5 82. Ke7 Ra7+ 83. Kf6 Ra6+ 84. Kf7 Ra7+ 85. Kf8 Ra8+ 86. Ke7 Ra7+ 87. Kd8 Ra5 88. Kc7 Rf5 1/2-1/2

[Event "Casablanca Mohammed op 4th"]
[Site "Casablanca"]
[Date "2023.08.14"]
[Round "1"]
[White "Mohammad, Nubairshah Shaikh"]
[Black "Warmerdam, Max"]
[Result "0-1"]
[WhiteElo "2430"]
[BlackElo "2633"]
[PlyCount "354"]
[EventDate "2023.08.14"]
[EventType "swiss"]
[EventRounds "9"]
[EventCountry "MAR"]
[SourceTitle "CBM 215 Extra"]
[Source "ChessBase"]
[SourceDate "2023.09.30"]
[SourceVersion "1"]
[SourceVersionDate "2023.09.30"]
[SourceQuality "1"]

1. Nf3 Nf6 2. c4 e6 3. g3 d5 4. Bg2 d4 5. 0-0 Nc6 6. d3 Bc5 7. Na3 0-0 8. Nc2 e5 9. b4 Nxb4 10. Nxb4 Bxb4 11. Nxe5 Qe7 12. Rb1 a5 13. Nf3 Rd8 14. Bd2 Ra6 15. Re1 h6 16. Qc2 Rb6 17. Bxb4 axb4 18. e3 dxe3 19. Rxe3 Qf8 20. d4 Bg4 21. c5 Ra6 22. Ne5 Be6 23. a4 Rxd4 24. Bxb7 b3 25. Qe2 Raxa4 26. Ng6 fxg6 27. Rxe6 Rab4 28. Qf3 b2 29. Kg2 Qxc5 30. Rc6 Qe5 31. Rc2 Rd8 32. Re2 Qd4 33. Bc6 Rb6 34. Rc2 Kh8 35. h4 h5 36. Qe2 Rdb8 37. Rd2 Qc3 38. Rc2 Qa3 39. Bf3 Qa2 40. Qd1 Rd6 41. Qe1 Rd7 42. Bc6 Rf7 43. Qd1 Rff8 44. Bf3 Ng4 45. Bxg4 hxg4 46. Rxc7 Rfc8 47. Rc2 Rd8 48. Rcxb2 Qa8+ 49. Kh2 Rxb2 50. Qxd8+ Qxd8 51. Rxb2 Qf6 52. Re2 Kg8 53. Kg1 Qa1+ 54. Kg2 Kf7 55. Re3 Kf6 56. Re8 Qa3 57. Re3 Qa4 58. Kg1 Qd1+ 59. Kg2 Qc1 60. Re2 Qb1 61. Re3 Qb4 62. Kg1 Qc5 63. Re1 Kf5 64. Re2 Qc3 65. Re7 Qf6 66. Re3 Qc6 67. Re1 Qb5 68. Re7 Qc5 69. Re1 Kf6 70. Re2 Qc1+ 71. Kg2 Qa1 72. Re3 Kf7 73. Re2 Qb1 74. Re3 Qd1 75. Re5 Qd4 76. Re1 Qd2 77. Re5 Kf6 78. Re8 Qd6 79. Re1 g5 80. hxg5+ Kxg5 81. Kg1 Kf5 82. Re3 Qd2 83. Re7 Kf6 84. Ra7 Qd1+ 85. Kg2 Qd5+ 86. Kg1 Qd4 87. Rc7 Qd1+ 88. Kg2 Qd5+ 89. Kg1 Qe5 90. Rc4 Kf5 91. Ra4 Qc7 92. Rb4 Qd6 93. Rb1 Qd2 94. Rb8 Qc1+ 95. Kg2 Qc6+ 96. Kg1 Qc1+ 97. Kg2 Qc5 98. Rd8 Qc6+ 99. Kg1 Ke4 100. Kg2 Qa4 101. Rd6 Qb3 102. Rd7 Qf3+ 103. Kg1 Qf6 104. Kg2 g6 105. Rd2 Qf3+ 106. Kg1 Qc3 107. Rd8 Qa3 108. Kg2 Qf3+ 109. Kg1 Qf7 110. Kg2 Qe7 111. Rd2 Qb7 112. Rd8 Ke5+ 113. Kg1 Qb1+ 114. Kg2 Qe4+ 115. Kg1 Qa4 116. Kg2 Qb5 117. Kg1 Qc6 118. Rd1 Qc3 119. Rd8 Qc1+ 120. Kg2 Qc6+ 121. Kg1 Qe6 122. Rd1 Kf5 123. Rd4 Qe1+ 124. Kg2 Qc1 125. Rd8 Qc5 126. Kg1 Qa3 127. Kg2 Qe7 128. Rd4 Qb7+ 129. Kg1 Qb8 130. Rd1 Qb4 131. Rd8 Qc5 132. Kg2 g5 133. Kg1 Qc6 134. Rd1 Qe8 135. Kf1 Qa8 136. Kg1 Qa5 137. Kg2 Ke5 138. Rd3 Qb6 139. Re3+ Kd4 140. Kg1 Qc7 141. Re6 Qc3 142. Rd6+ Ke4 143. Kg2 Qf3+ 144. Kg1 Qa3 145. Re6+ Kf3 146. Rf6+ Ke2 147. Re6+ Kd2 148. Kg2 Qb3 149. Re5 Qc3 150. Rxg5 Qf3+ 151. Kg1 Qd1+ 152. Kg2 Qf3+ 153. Kg1 Qe4 154. Ra5 Qe1+ 155. Kg2 Qe4+ 156. Kg1 Qd4 157. Ra8 Qe5 158. Ra4 Qe6 159. Rf4 Ke2 160. Ra4 Qd5 161. Ra1 Qb3 162. Rc1 Qb2 163. Rc4 Qb1+ 164. Kh2 Qf5 165. Kh1 Qf3+ 166. Kh2 Qxf2+ 167. Kh1 Qf1+ 168. Kh2 Qh3+ 169. Kg1 Qxg3+ 170. Kh1 Qf3+ 171. Kg1 Kd3 172. Rc8 Qe3+ 173. Kf1 Qe2+ 174. Kg1 g3 175. Rd8+ Kc4 176. Rc8+ Kb5 177. Rb8+ Ka6 0-1

[Event "Thessaloniki op 3rd"]
[Site "Thessaloniki"]
[Date "2023.08.09"]
[Round "6"]
[White "Mohammad, Nubairshah Shaikh"]
[Black "Kukelko, Alexey"]
[Result "1/2-1/2"]
[WhiteElo "2430"]
[BlackElo "2303"]
[PlyCount "55"]
[EventDate "2023.08.05"]
[EventType "swiss"]
[EventRounds "9"]
[EventCountry "GRE"]
[SourceTitle "CBM 215 Extra"]
[Source "ChessBase"]
[SourceDate "2023.09.30"]
[SourceVersion "1"]
[SourceVersionDate "2023.09.30"]
[SourceQuality "1"]

1. Nf3 d5 2. g3 g6 3. c4 dxc4 4. Na3 Bg7 5. Nxc4 Nc6 6. d3 e5 7. Bd2 a5 8. Bg2 Nge7 9. h4 h6 10. 0-0 Be6 11. Bc3 f6 12. Qb3 0-0 13. Rfd1 a4 14. Qc2 b5 15. Ne3 b4 16. Be1 b3 17. Qc5 Qd6 18. Qc1 bxa2 19. Nc4 Qc5 20. Bd2 Rfd8 21. Rxa2 e4 22. Be3 Qb5 23. Ne1 exd3 24. exd3 Rab8 25. Qa1 Ra8 26. Qc1 Rab8 27. Qa1 Ra8 28. Qc1 1/2-1/2